1732 1698 1529 1613 1055 1662 1899 1485 1535 1875 1180 1796 1760 1085 1152 1383 1996 1662 1359 1151 1512 1662 1064 1775 1604 1498 1607 1176 1927 1160 1899 1964 1623 1418 1899 1397 1382 1821 1207 1047 1245 1596 1838 1218 1034 1845 1922 1828 1432 1527 1815 1740 1984 1645 1156 1001 1237 1253 1370 1840 1850 1337 1491 1315 1410 1253 1768 1423 1554 1943 1760 1111 1542 1071 1837 1315 1595 1457 1818 1010 1615 1453 1257 1134 1944 1521 1020 1699 1999 1473 1682 1521 1442 1364 1750 1486 1638 1748 1816 BCNSPRNW ULIB Ver.6.0+V

เปลี่ยนเป็นภาษาไทย

Change to English
 แสดงรายละเอียดบรรณานุกรม
  กลับหน้าหลัก

Brief Record : Get Marc (ISO 2709) : E-mail record : QR code < ปิดหน้าต่าง
LEADER : 00000nam 2200000uu 4500
001    13399108637
003     ULIB
008    110310s2544||||th 000 0 tha d
060 04 QZ1.JT3^bก499ผ 2544
100 0  สถาบันมะเร็งแห่งชาติ
245 10 ผลงานประจำปี 2544 /^cสถาบันมะเร็งแห่งชาติ กรมการแพทย์กระทรวงสาธารณสุข
260    กรุงเทพฯ :^bโรงพิมพ์ชุมนุมสหกรณ์การเกษตรแห่งประเทศไทย,^c2544
300    201หน้า :^bภาพประกอบ ;^c30 ซม.
650  7 มะเร็ง^xสถิติและข้อมูลตัวเลข
650  7 เนื้องอก^xสถิติและข้อมูลตัวเลข
730 02 ผลงานประจำปี (สถาบันมะเร็งแห่งชาติ) 2544
945    ^p0^l0^i015646
995    ทศพร
999 ^a ใช้งานได้ทุกระบบ
รายการนี้ยังไม่มีแท็ก
คุณยังไม่ได้ล็อกอิน คุณสามารถมีกิจกรรมร่วมกับเว็บไซต์ได้ แต่ต้องล็อกอินก่อน ::
  ล็อกอิน

รายการสื่อสารสนเทศ

ลำดับที่ ประเภท เลขเรียก/บาร์โค้ด สถานที่ สถานะ
- ไม่พบข้อมูล -

รายการใกล้เคียง
    ผู้แต่ง [สถาบันมะเร็งแห่งชาติ]

BibComment


ยังไม่เคยถูกคอมเมนท์

คอมเมนท์ทรัพยากรรายการนี้
  คอมเมนท์: ผลงานประจำปี 2544..


 Copyright 2026. Bcnsprnw @Library